Statistics for China Tile Quiz

Click here to take the quiz!

General Stats

  • This quiz has been taken 526 times
  • The average score is 45 of 59

Answer Stats

QuestionTileSelect% Correct
Cities of ChinaKathmanduNo
100%
Cities of ChinaBishkekNo
99%
Cities of ChinaPhnom PenhNo
99%
Cities of ChinaPyongyangNo
99%
Cities of ChinaWuhanYes
99%
Cities of ChinaBeijingYes
98%
Cities of ChinaFukuokaNo
98%
Cities of ChinaThimphuNo
98%
Cities of ChinaNaraNo
97%
Cities of ChinaQingdaoYes
96%
Historical dynasties of ChinaBonNo
95%
Historical dynasties of ChinaRangNo
95%
Historical dynasties of ChinaZhantNo
95%
Historical dynasties of ChinaMingYes
94%
Historical dynasties of ChinaPeng FuNo
94%
Historical dynasties of ChinaTuNo
93%
Pictures taken in ChinaYes
92%
True statements about Chinese historyGunpowder, silk, compasses and paper are all Chinese inventions.Yes
92%
Cities of ChinaTaeguNo
92%
Cities of ChinaDa NangNo
91%
Historical dynasties of ChinaHouNo
90%
True statements about Chinese historyMuslims were once the majority of the Chinese population.No
87%
Historical dynasties of ChinaHanYes
86%
Historical dynasties of ChinaQan ShiNo
85%
True statements about modern ChinaThe South China Sea territorial dispute was concluded in 2017.No
84%
True statements about modern ChinaChristianity is prohibited in China.No
82%
Pictures taken in ChinaNo
78%
True statements about modern ChinaChina has an embassy in Pyongyang.Yes
78%
Cities of ChinaShantouYes
78%
True statements about modern ChinaChina is a member of the United Nation's "Big Five".Yes
76%
Historical dynasties of ChinaTangYes
75%
True statements about Chinese historyThe art of sculpting was unknown in China until the early modern period.No
75%
Cities of ChinaUrumqiYes
75%
True statements about modern ChinaMost people in China are irreligious.Yes
73%
Pictures taken in ChinaYes
72%
Cities of ChinaJilinYes
72%
Cities of ChinaLhasaYes
72%
Historical dynasties of ChinaHangNo
71%
True statements about modern ChinaRitual offerings to ancestors are an important part of Chinese folk religion.Yes
70%
Pictures taken in ChinaYes
69%
Pictures taken in ChinaNo
68%
Pictures taken in ChinaYes
66%
Historical dynasties of ChinaZhouYes
66%
True statements about modern ChinaChina is the world's most populous nation.No
64%
True statements about modern ChinaChina has more UNESCO World Heritage sites than any other country.No
63%
Historical dynasties of ChinaShangYes
63%
Pictures taken in ChinaNo
62%
True statements about Chinese historyModern theatre can trace its origins to China.No
62%
Pictures taken in ChinaNo
61%
Historical dynasties of ChinaJinYes
61%
True statements about modern ChinaChina is the world's fastest growing economy.No
59%
True statements about Chinese historyThe Ming Dynasty was known for its liberal foreign policy.No
57%
Pictures taken in ChinaYes
56%
True statements about Chinese historyMao Zedong's wife tried taking over China after his death.Yes
56%
Historical dynasties of ChinaWeiYes
46%
True statements about Chinese historySun Tzu's "The Art of War" was disregarded for most of Chinese history.No
44%
True statements about Chinese historyDuring the Shang Dynasty, the Chinese practiced human sacrifice.Yes
35%
True statements about Chinese historyWheat was the staple crop in China until the Han dynasty.Yes
35%
Historical dynasties of ChinaLiaoYes
32%

Score Distribution

Percentile by Number Answered

Percent of People with Each Score

Your Score History

You have not taken this quiz